The illustrations to the World history of Rashīd al-Dīn / (Record no. 17316)
[ view plain ]
| 000 -LEADER | |
|---|---|
| fixed length control field | 01007nam a2200277 i 4500 |
| 001 - CONTROL NUMBER | |
| control field | 17316 |
| 003 - CONTROL NUMBER IDENTIFIER | |
| rucl marc code | BD-RjUL |
| 005 - DATE AND TIME OF LATEST TRANSACTION | |
| control field | 20211209000123.0 |
| 008 - FIXED-LENGTH DATA ELEMENTS--GENERAL INFORMATION | |
| fixed length control field | 140216s1976 stkfh 001 0 eng |
| 020 ## - INTERNATIONAL STANDARD BOOK NUMBER | |
| International Standard Book Number | 0852242719 |
| 035 ## - SYSTEM CONTROL NUMBER | |
| System control number | (BD-RjUL) 17374 |
| 040 ## - CATALOGING SOURCE | |
| Original cataloging agency | DLC |
| Transcribing agency | DLC |
| Modifying agency | BD-RjUL |
| Language of cataloging | eng |
| 041 ## - LANGUAGE CODE | |
| Language code of text/sound track or separate title | eng |
| 082 00 - DEWEY DECIMAL CLASSIFICATION NUMBER | |
| Classification number | 745.6709553 |
| Author mark and year | RII 1976 |
| 100 1# - MAIN ENTRY--PERSONAL NAME | |
| Personal name | Rice, David Talbot |
| Dates associated with a name | 1903-1972. |
| 9 (RLIN) | 51182 |
| 245 14 - TITLE STATEMENT | |
| Title | The illustrations to the World history of Rashīd al-Dīn / |
| Statement of responsibility, etc. | David Talbot Rice ; edited by Basil Gray. |
| 260 ## - PUBLICATION, DISTRIBUTION, ETC. (IMPRINT) | |
| Place of publication, distribution, etc. | Edinburgh : |
| Name of publisher, distributor, etc. | Edinburgh University Press, |
| Date of publication, distribution, etc. | c1976. |
| 300 ## - PHYSICAL DESCRIPTION | |
| Pagination | viii, 192 p. : |
| Illustrations | Ill. ; |
| Size | 28 cm. |
| 500 ## - GENERAL NOTE | |
| General note | The illustrations are from Rashīd al-Dīn Tabīb's Collection of chronicles, reproduced from Edinburgh University Library's Ms. Arab 20. |
| 504 ## - BIBLIOGRAPHY, ETC. NOTE | |
| Bibliography, etc | Includes index. |
| 600 00 - SUBJECT ADDED ENTRY--PERSONAL NAME | |
| Personal name | Rashīd al-Dīn Tabīb, |
| Dates associated with a name | 1247?-1318. |
| General subdivision | Illustrations. |
| 700 1# - ADDED ENTRY--PERSONAL NAME | |
| Personal name | Gray, Basil |
| Dates associated with a name | 1904-1989. |
| 942 ## - ADDED ENTRY ELEMENTS (KOHA) | |
| Source of classification or shelving scheme | Dewey Decimal Classification |
| Koha item type | Books |
| Lost status | Source of classification or shelving scheme | Damaged status | Not for loan | Collection code | Permanent Location | Current Location | Shelving location | Date acquired | Source of acquisition | Cost, normal purchase price | Total Checkouts | Full call number | Date last seen | Copy number | Koha item type |
|---|---|---|---|---|---|---|---|---|---|---|---|---|---|---|---|
| Dewey Decimal Classification | Not For Loan | Non-fiction | Central Library, University of Rajshahi | Central Library, University of Rajshahi | Reading Room | 04/09/1979 | Heffer | 12.00 | 745.6709553 RII 1976 | 16/02/2014 | C-1 | Books |